<?xml version='1.0' encoding='UTF-8'?>
  <record xmlns="http://www.loc.gov/MARC21/slim">
    <leader>00000cam a2200000 i 4500</leader>
    <controlfield tag="001">ocm67856769</controlfield>
    <controlfield tag="003">OCoLC</controlfield>
    <controlfield tag="005">20240405161251.1</controlfield>
    <controlfield tag="008">990421s1590    fr            000 0 ger d</controlfield>
    <datafield tag="040" ind1=" " ind2=" ">
      <subfield code="a">NLGGC</subfield>
      <subfield code="b">eng</subfield>
      <subfield code="e">rda</subfield>
      <subfield code="e">dcrmb</subfield>
      <subfield code="c">NLGGC</subfield>
      <subfield code="d">QGJ</subfield>
      <subfield code="d">OCLCF</subfield>
      <subfield code="d">OCLCL</subfield>
      <subfield code="d">OCLCQ</subfield>
    </datafield>
    <datafield tag="029" ind1="0" ind2=" ">
      <subfield code="a">NLGGC</subfield>
      <subfield code="b">182139581</subfield>
    </datafield>
    <datafield tag="035" ind1=" " ind2=" ">
      <subfield code="a">(OCoLC)67856769</subfield>
    </datafield>
    <datafield tag="041" ind1="1" ind2=" ">
      <subfield code="a">ger</subfield>
      <subfield code="h">fre</subfield>
    </datafield>
    <datafield tag="245" ind1="0" ind2="0">
      <subfield code="a">Antimartyrion, das ist Gegenzeugnuss und unwiderleglicher Beweiss das Jacob Clemens der Jacobiter Mönch von Pariss mit keinen fugen oder echter sonder vorsätzlicher, mörderischer, teuffelischer Weise weiland König Heinrichen dritten höchstseliger Gedechtnus ermördet unnd darumb keins wegs für ein Heiligen zuhalten ... seye, sampt einer sehr schönen und trewhertzigen Vermanung an alle ware Frantzosen, das sie ... solchen grewlichen Königs Mord rechen sollen /</subfield>
      <subfield code="c">alles trewlich aus dem Französichen in gut Deutsch bracht.</subfield>
    </datafield>
    <datafield tag="264" ind1=" " ind2="1">
      <subfield code="a">[Strassburg?] :</subfield>
      <subfield code="b">[Jobin?],</subfield>
      <subfield code="c">MDXC. [1590]</subfield>
    </datafield>
    <datafield tag="300" ind1=" " ind2=" ">
      <subfield code="a">[51] pages ;</subfield>
      <subfield code="c">4to</subfield>
    </datafield>
    <datafield tag="336" ind1=" " ind2=" ">
      <subfield code="a">text</subfield>
      <subfield code="b">txt</subfield>
      <subfield code="2">rdacontent</subfield>
    </datafield>
    <datafield tag="337" ind1=" " ind2=" ">
      <subfield code="a">unmediated</subfield>
      <subfield code="b">n</subfield>
      <subfield code="2">rdamedia</subfield>
    </datafield>
    <datafield tag="338" ind1=" " ind2=" ">
      <subfield code="a">volume</subfield>
      <subfield code="b">nc</subfield>
      <subfield code="2">rdacarrier</subfield>
    </datafield>
    <datafield tag="340" ind1=" " ind2=" ">
      <subfield code="m">4to</subfield>
      <subfield code="2">rdabf</subfield>
    </datafield>
    <datafield tag="500" ind1=" " ind2=" ">
      <subfield code="a">Signatures: A-F⁴ G².</subfield>
    </datafield>
    <datafield tag="510" ind1="4" ind2=" ">
      <subfield code="a">Van Someren,</subfield>
      <subfield code="c">433</subfield>
    </datafield>
    <datafield tag="510" ind1="4" ind2=" ">
      <subfield code="a">Verzeichnis der im deutschen Sprachbereich erschienenen Drucke des 16. Jahrhunderts (VD 16),</subfield>
      <subfield code="c">A 2944</subfield>
    </datafield>
    <datafield tag="600" ind1="1" ind2="0">
      <subfield code="a">Clément, Jacques,</subfield>
      <subfield code="d">approximately 1567-1589.</subfield>
    </datafield>
    <datafield tag="600" ind1="0" ind2="0">
      <subfield code="a">Henry</subfield>
      <subfield code="b">III,</subfield>
      <subfield code="c">King of France,</subfield>
      <subfield code="d">1551-1589.</subfield>
    </datafield>
    <datafield tag="600" ind1="1" ind2="7">
      <subfield code="a">Clément, Jacques,</subfield>
      <subfield code="d">approximately 1567-1589.</subfield>
      <subfield code="2">fast</subfield>
      <subfield code="0">(OCoLC)fst01812836</subfield>
      <subfield code="1">https://id.oclc.org/worldcat/entity/E39PBJrKQCHpPKT7jgDtWJRdwC</subfield>
    </datafield>
    <datafield tag="600" ind1="0" ind2="7">
      <subfield code="a">Henry</subfield>
      <subfield code="b">III,</subfield>
      <subfield code="c">King of France,</subfield>
      <subfield code="d">1551-1589.</subfield>
      <subfield code="2">fast</subfield>
      <subfield code="0">(OCoLC)fst00013699</subfield>
      <subfield code="1">https://id.oclc.org/worldcat/entity/E39PBJrKPpRV4DyWvcMMGPR3Qq</subfield>
    </datafield>
    <datafield tag="936" ind1=" " ind2=" ">
      <subfield code="a">BATCHLOAD</subfield>
    </datafield>
  </record>